| 000 | 01347nam a22003737a 4500 | ||
|---|---|---|---|
| 003 | CHAP | ||
| 005 | 20250903062742.0 | ||
| 008 | 971013s1980 r 00010 d | ||
| 010 | _a16289 | ||
| 011 | _a17261 | ||
| 035 | _a21344 | ||
| 040 | _cCHAP | ||
| 090 | _aTesis | ||
| 100 | 0 | 0 |
_aGutiérrez Ornelas, Erasmo. _951781 |
| 245 | _aEfecto del tratamiento químico y la suplementación de cuatro nutrientes sobre las digestibilidad in vitro del rastrojo de maíz y la médula de caña | ||
| 260 |
_aChapingo, Méx., : _bEl autor, _c1980 |
||
| 300 |
_a87 h. _b; gráfs |
||
| 502 | _aTesis (M.C. Esp. en Ganadería) -- Colegio de Postgraduados. Centro de Ganadería | ||
| 590 |
_aALEPH _b10 _c20130110 _lUCH01 _h1238 |
||
| 590 |
_aBATCH-UPD _b10 _c20130110 _lUCH01 _h1216 |
||
| 590 |
_aBATCH-UPD _b10 _c20130410 _lUCH01 _h0753 |
||
| 590 |
_aBATCH-UPD _b10 _c20130914 _lUCH01 _h0520 |
||
| 590 |
_aBATCH-UPD _b10 _c20130914 _lUCH01 _h2049 |
||
| 590 |
_aCONVERSION _b10 _c20130109 _lUCH01 _h1310 |
||
| 650 | 1 | 4 |
_aBagazo. _99395 |
| 650 | 1 | 4 |
_aCaña de azúcar como forraje. _918673 |
| 650 | 1 | 7 |
_aForrajes _xDigestibilidad _2 _942568 |
| 650 | 1 | 4 |
_aMaíz como forraje. _971109 |
| 901 | _aBK | ||
| 942 | _cFOLL | ||
| 949 |
_bBC _cTES _d-49709 _eTS1 _i21344 _si |
||
| 949 |
_bBC _cTES _d-49710 _eTS2 _fc.2 _i21344 _si |
||
| 949 |
_bBC _cTES _d-49711 _eTS2 _fc.3 _i21344 _si |
||
| 999 |
_c16289 _d16289 |
||